<?xml version="1.0" encoding="UTF-8"?>
<collection xmlns="http://www.loc.gov/MARC21/slim">
    <record>
        <controlfield tag="001">66027</controlfield>
        <controlfield tag="005">20180223094407.0</controlfield>
        <datafield tag="037" ind1=" " ind2=" ">
            <subfield code="a">GDOC-2016-25244</subfield>
        </datafield>
        <datafield tag="041" ind1=" " ind2=" ">
            <subfield code="a">spa</subfield>
        </datafield>
        <datafield tag="100" ind1=" " ind2=" ">
            <subfield code="0">(orcid)0000-0001-6514-3641</subfield>
            <subfield code="1">390994</subfield>
            <subfield code="a">Nicolau Ibarra, José Manuel</subfield>
        </datafield>
        <datafield tag="245" ind1="0" ind2="0">
            <subfield code="9">25244</subfield>
            <subfield code="a">Análisis e interpretación del paisaje</subfield>
        </datafield>
        <datafield tag="260" ind1=" " ind2=" ">
            <subfield code="a">Zaragoza</subfield>
            <subfield code="b">Universidad de Zaragoza</subfield>
            <subfield code="c">2016-2017</subfield>
        </datafield>
        <datafield tag="520" ind1=" " ind2=" ">
            <subfield code="a">Breve presentación de la asignatura
La ecología del paisaje es una disciplina en auge que está adquiriendo cada vez más relevancia por su utilidad para interpretar y resolver algunos aspectos del “Cambio Global”. En concreto, los relacionados con el cambio de usos del suelo que implican la fragmentación de hábitats y afectan a la biodiversidad y a los ciclos biogeoquímicos. Al ser la dimensión espacial clave en esta disciplina, las técnicas cartográficas constituyen un elemento fundamental.
 </subfield>
            <subfield code="b"> </subfield>
        </datafield>
        <datafield tag="521" ind1=" " ind2=" ">
            <subfield code="9">100</subfield>
            <subfield code="a">Ciencias Ambientales</subfield>
        </datafield>
        <datafield tag="540" ind1=" " ind2=" ">
            <subfield code="a">by-nc-sa</subfield>
            <subfield code="b">Creative Commons</subfield>
            <subfield code="c">3.0</subfield>
            <subfield code="u">http://creativecommons.org/licenses/by-nc-sa/3.0/</subfield>
        </datafield>
        <datafield tag="700" ind1=" " ind2=" ">
            <subfield code="0">(orcid)0000-0001-7037-4970</subfield>
            <subfield code="1">391566</subfield>
            <subfield code="a">Tormo Blanes, Jaume</subfield>
        </datafield>
        <datafield tag="830" ind1=" " ind2=" ">
            <subfield code="9">277</subfield>
        </datafield>
        <datafield tag="856" ind1="4" ind2=" ">
            <subfield code="s">14359</subfield>
            <subfield code="u">http://zaguan.unizar.es/record/66027/files/guia-25244-en.pdf</subfield>
            <subfield code="y">Guide (english)</subfield>
        </datafield>
        <datafield tag="856" ind1="4" ind2=" ">
            <subfield code="s">21457</subfield>
            <subfield code="u">http://zaguan.unizar.es/record/66027/files/guia-25244-es.pdf</subfield>
            <subfield code="y">Guía (idioma español)</subfield>
        </datafield>
        <datafield tag="970" ind1=" " ind2=" ">
            <subfield code="a">GDOC-2016-25244</subfield>
        </datafield>
        <datafield tag="980" ind1=" " ind2=" ">
            <subfield code="a">GDOC</subfield>
            <subfield code="b">Ciencias</subfield>
            <subfield code="c">201</subfield>
        </datafield>
    </record>

    
</collection>